000
00237nam a2200097Ia 4500
008
230907s9999||||xx |||||||||||||| ||und||
082
_a
658.872
_b
SCH
245
0
_a
How to build an online business :
260
_a
Wiley,
_c
2018
942
_c
BK
999
_c
598948
_d
598948